License Plates of Oceania - Statistics

General Stats
  • This quiz has been taken 52 times
  • The average score is 11 of 14
Answer Stats
Picture Answer % Correct
New Zealand
100%
Australia
95%
Kiribati
93%
F. S. Micronesia
91%
Papua New Guinea
77%
Tuvalu
73%
Nauru
70%
Marshall Islands
68%
Fiji
66%
Samoa
66%
Vanuatu
66%
Tonga
64%
Palau
61%
Solomon Islands
59%
No matching quizzes found
Score Distribution
Percent of People with Each Score
Percentile by Number Answered
Your Score History
You have not taken this quiz